| 000 | 00441nam a2200169 a 4500 | ||
|---|---|---|---|
| 005 | 20140412111424.0 | ||
| 008 | 080221s19uu xx 00 eng d | ||
| 020 | _a0-602-30279-x | ||
| 050 |
_aTR(GS 534.19 _bK67 2001 |
||
| 100 | _aKimpton, Diana | ||
| 245 |
_aSounds / _cDiana Kimpton. |
||
| 260 |
_aOxford : _bGinn and Company, _c2001. |
||
| 300 | _a16p. | ||
| 650 |
_aSounds _xJuvenile Literature |
||
| 650 | _asound | ||
| 999 |
_c106173 _d106173 |
||